• 首页
  • 本馆介绍
  • 公告通知
  • 最新文献
  • 馆藏检索
  • 电子资源
  • 读者导购
  • 参考咨询
  • 我的图书馆
  • 登录
  • 详细信息显示
  • 放入我的书架
  • 预约/预借图书
  • 作者相关作品
  • 分类相关作品
  • 丛书相关作品
  • 出版社相关作品

书目信息

  • 表格格式
  • 工作单格式
  • 卡片格式
题名:
西方当代绘画评介
    
 
作者: 矫苏平 著
分册:  
出版信息: 西安   陕西人民美术出版社  2002
页数: 77页
开本: 26cm
丛书名:
单 册:
中图分类: J205.5
科图分类:
主题词: 绘画理论 , 绘画--艺术评论--西方国家--20世纪
电子资源:
ISBN: 7-5368-1496-8
000 00604nam0 2200205 45
001 0303251007
005 20031219104108.0
010    @a7-5368-1496-8@dCNY28.50
100    @a20030325d2002 km y0chiy0120 ea
101 0  @achi
105    @af z 000yy
200 1  @a西方当代绘画评介@AXi Fang Dang Dai Hui Hua Ping Jie@f矫苏平著@FJiao Su Ping Zhu
210    @a西安@c陕西人民美术出版社@d2002
215    @a77页@c附图版@d26cm
606 0  @a绘画理论
606 0  @a绘画@x艺术评论@y西方国家@z20世纪
690    @aJ205.5@v4
701  0 @a矫苏平@4著
801    @aCN@bTSTC@c20030325
905    @b321505-512@dJ205.5@e192@f8
    
    西方当代绘画评介/矫苏平著.-西安:陕西人民美术出版社,2002
    77页:附图版;26cm
    
    
    ISBN 7-5368-1496-8:CNY28.50
    
●
相关链接 在E读中查询图书 在五车中查询图书 在当当中查询图书 在豆瓣中查询图书


正题名:西方当代绘画评介     索取号:J205.5/192         预约/预借

序号 登录号 条形码 馆藏地/架位号 状态 备注
1 0321505   203215056   第一借阅区/ [索取号:J205.5/192] 在馆    
2 0321506   203215065   第一借阅区/ [索取号:J205.5/192] 在馆    
3 0321507   203215074   第一借阅区/ [索取号:J205.5/192] 在馆    
4 0321508   203215083   第一借阅区/ [索取号:J205.5/192] 在馆    
5 0321509   203215092   第一借阅区/ [索取号:J205.5/192] 在馆    
6 0321510   203215109   第一借阅区/ [索取号:J205.5/192] 在馆    
7 0321511   203215118   第一借阅区/ [索取号:J205.5/192] 在馆    
8 0321512   203215127   第一样本阅览室/ [索取号:J205.5/192] 在馆    
唐山师范学院图书馆 欢迎您!
大连网信软件有限公司© 版权所有